000 00558cas a2200157 4500
008 120403n eng u
022 _a00225002
035 _a(Sirsi) a175808
050 _aBF1.J6E9A5
245 _aJournal of the Experimental Analysis of Behaviour
260 _aBloomington
_b Society for the Experimental Analysis of Behaviour
_c 1958
310 _aBi-Monthly
362 _aVol. 1, 1958 - Vol. 25, No. 1, 1976
520 _aIt comprises articles of the experiments relevant to the behavior of individual organisms
650 _aPsychology
999 _c9347
_d9347